000
00303nam a22001337a 4500
003
OSt
008
231026b |||||||| |||| 00| 0 eng d
041
_a
hin
082
_a
891.43
_b
BHE/HA
245
_a
Hamara jawahar
260
_a
Kolkatta
_b
Hindi Pracharak Pustakalay
_c
1651
300
_a
16
942
_c
BK
999
_c
17758
_d
17758